000 00483nam a2200181Ia 4500
008 090123s9999 xx 000 0 und d
082 _b31023
100 _aराऊत अनंत
245 _aतळभारत
250 _a1
260 _bप्रमोद प्रकाशन
_c2000
300 _a172
600 _aराऊत अनंत
630 _aतळभारत
700 _aराऊत अनंत
730 _aतळभारत
942 _cBOOK
999 _c68588
_d68588